Sports Quiz

Random Sports or MLB Quiz

MLB Teams Jumble Quiz Stats

 Plays Quiz Updated Mar 1, 2012

Also try: Jumble Gym
Challenge
Share
Tweet
Embed
Score 0/24 Timer 07:00
16 Plays Today
Upset team Team % Correct
REDOXESRed Sox
88.4%
BUCKSCubs
85.9%
HERDSReds
82.8%
ARBY'SRays
81%
STEAMMets
80.8%
ARRANGESRangers
75.1%
SIDONIANIndians
66.5%
WESTINTwins
66.4%
LITHECTASYAthletics
65%
BENGALSAngels
64.8%
DRUG DOSEDodgers
64.2%
TRIAGESTigers
63.7%
Upset team Team % Correct
ASSORTSAstros
63.6%
VERBALSBraves
61.4%
TAYLORSRoyals
61.4%
DEPARTSPadres
59.9%
ISLAND ARCSCardinals
59.8%
WIRETAPSPirates
59.6%
ANTISALOONNationals
58.6%
LASTINGGiants
55.6%
MINERALSMarlins
55%
SLOOMIEROrioles
52.1%
ERICKSONRockies
48.4%
Bonus message -->You know the baseball teams!
34.5%

You're not logged in!

Compare scores with friends on all Sporcle quizzes.
Join for Free
OR
Log In

You Might Also Like...

Show Comments

Extras

Top Quizzes Today


Score Distribution

Your Account Isn't Verified!

In order to create a playlist on Sporcle, you need to verify the email address you used during registration. Go to your Sporcle Settings to finish the process.

Report this User

Report this user for behavior that violates our Community Guidelines.

Details: